Syndróm vyhorenia a vnímaný stres vo vzťahu k starostlivosti o seba u pomáhajúcich profesionálov

Bibliographic Details
Main Author: Ráczová, Beáta (Author)
Format: Article
Language:Slovak
PhysicalDescription:Tabuľky
ISBN:9788081527517
Subjects:
Online Access://www.unibook.upjs.sk/img/cms/2019/FF/negativne-dosledky-vykonavania-pomahajucich-profesii.pdf

MARC

LEADER 00000nab a2200000 4500
001 vtls012132030
003 SK-MaSNL
005 20260303215259.0
008 220425|2019 xo |||| ||an ||00 0|slo
015 |a SNBRB2022/04 
040 |a SPKCL  |b slo  |e rda 
041 |a slo  |b slo 
044 |a xo  |c SK 
072 7 |a 364  |x Sociálne problémy vyžadujúce podporu a pomoc. Sociálne zabezpečenie  |2 konspekt 
080 |a 364:316.346-053.-055.1  |2 2011 
100 1 |a Ráczová, Beáta  |4 aut  |9 325358 
245 1 0 |a Syndróm vyhorenia a vnímaný stres vo vzťahu k starostlivosti o seba u pomáhajúcich profesionálov  |c Beáta Ráczová 
300 |b Tabuľky 
336 |a text  |b txt  |2 rdacontent 
337 |a bez média  |b n  |2 rdamedia 
338 |a zväzok  |b nc  |2 rdacarrier 
504 |a Obsahuje bibliografiu 
546 |a Slovenské resumé 
650 0 7 |a syndróm vyhorenia  |2 SNKPH  |9 4056 
650 0 7 |a stres  |2 SNKPH  |9 14472 
650 0 7 |a sociálna práca  |2 SNKPH  |9 1550 
650 0 7 |a výskum  |2 SNKPH  |9 4238 
655 7 |a BZB  |2 SNKPH  |9 1080216 
773 0 |t Negatívne dôsledky vykonávania pomáhajúcich profesií II: psychologické, sociálne a zdravotné aspekty vykonávania pomáhajúcich profesií  |d Košice : Univerzita Pavla Jozefa Šafárika, 2019  |g S. 20-28  |z 9788081527517 
856 4 1 |u //www.unibook.upjs.sk/img/cms/2019/FF/negativne-dosledky-vykonavania-pomahajucich-profesii.pdf 
958 |a NB 
999 |c 2220819  |d 2222749